|
|
|
|
| LEADER |
00836cam a2200229 7i4500 |
| 001 |
0000032987 |
| 005 |
20221219090000.0 |
| 008 |
100507 eng |
| 020 |
|
|
|a 9783527320905 (hbk.)
|
| 040 |
|
|
|a OhCoOLI
|
| 090 |
0 |
0 |
|a QH445.2
|b .N52 2008
|
| 245 |
0 |
0 |
|a Next-generation genome sequencing :
|b towards personalized medicine
|c edited by Michal Janitz.
|
| 260 |
|
|
|a Weinheim:
|b Wiley-VCH,
|c 2008.
|
| 300 |
|
|
|a xx, 260 p.:
|b col. ill.;
|c 25 cm.
|
| 504 |
|
|
|a Includes bibliographical references and index
|
| 650 |
0 |
0 |
|a Medical genetics
|
| 650 |
0 |
0 |
|a Human gene mapping
|
| 650 |
0 |
0 |
|a Nucleotide sequence
|
| 700 |
1 |
|
|a Janitz, Michal
|
| 997 |
|
|
|a Engineering & Life Sciences, Faculty
|b Science & Biotechnology, Department
|
| 998 |
|
|
|a Biotechnology, Degree
|
| 999 |
|
|
|a 0000038989
|b BOK
|c OPEN SHELF
|e 1st Floor, Bestari Jaya
|